000 01469nam a2200241Ia 4500
999 _c53288
_d53288
001 20329
003 GE_BSU
005 20200912003229.0
008 181216s1940||||ge |||||||||||||| ||geo||
040 _cGE_BSU
041 _ageo
080 _a811.353.1'37(072=161.1) წ-86
100 _aწულეისკირი, ბ.
_99522
245 _aქართული ენის წინასაანბანო ლექსიკური გაკვეთილები რუსული სკოლის III კლასში :
_bმასწავლებლის გამოცდილებიდან /
_cბ. წულეისკირი ; რედ. ვლ. რამიშვილი.
264 _aთბილისი :
_bინსტიტუტის გამომცემლობა,
_c1940.
300 _a50 გვ. ;
_c22 სმ
541 _h80თ.
653 _aქართული ენა
653 _aქართული ენის ლექსიკის შესწავლა რუსული სკოლებისათვის
700 _aრამიშვილი, ვლ.
_eრედაქტორი
_99523
710 _aსაქართველოს სსრ განსახკომის დაწყებითი და საშუალო სკოლის სამეცნიერო-საკვლევო ინსტიტუტი
_99524
942 _cBK
_2udc